000 00388nam a2200157Ia 4500
008 160316s1996 xxu||||| |||| 00| 0 eng d
082 _a346.016000
_bOLD-2
100 _aOldham Mika
245 _aStatutes on family law
250 _a5th
260 _aLondon
_bBlackstone Press Pvt. Ltd.
_c1996
300 _a474p
_b
_ciii
365 _b
650 _a1. Family Laws - UK
700 _a
_a
999 _c14197
_d14197